Statistics for Taylor Swift - Shake It Off (lyrics)

Click here to take the quiz!

General Stats

  • This quiz has been taken 3,724 times
  • The average score is 33 of 46

Answer Stats

Lyrics Answer % Correct
I stay up too late, got nothing in my _____brain
96%
That's what ______ say mmm, that's what ______ say mmmpeople
96%
Baby, I'm just gonna _____, _____, _____, _____, _____shake
87%
Baby, I'm just gonna _____, _____, _____, _____, _____shake
87%
Baby, I'm just gonna _____, _____, _____, _____, _____shake
87%
Baby, I'm just gonna _____, _____, _____, _____, _____shake
87%
Baby, I'm just gonna _____, _____, _____, _____, _____shake
87%
Baby, I'm just gonna _____, _____, _____, _____, _____shake
87%
And the ______ gonna hate, hate, hate, hate, hatehaters
86%
And the ______ gonna hate, hate, hate, hate, hatehaters
86%
And the ______ gonna hate, hate, hate, hate, hatehaters
86%
'Cause the _______ gonna play, play, play, play, playplayers
85%
'Cause the _______ gonna play, play, play, play, playplayers
85%
'Cause the _______ gonna play, play, play, play, playplayers
85%
And the ______ gonna fake, fake, fake, fake, fakefakers
81%
And the ______ gonna fake, fake, fake, fake, fakefakers
81%
And the ______ gonna fake, fake, fake, fake, fakefakers
81%
_ shake it off, _ shake it offI
79%
_ shake it off, _ shake it offI
79%
But I keep cruising, can't stop, won't stop ______moving
79%
_ shake it off, _ shake it offI
79%
I go on too many _____, but I can't make 'em ____dates, stay
77%
It's like I got this _____ in my body and it's gonna be alrightmusic
76%
I shake it ___, I shake it ___off
74%
I shake it ___, I shake it ___off
74%
I shake it ___, I shake it ___off
74%
I'll never miss a ____, I'm lightning on my ____beat, feet
71%
And that's what they don't ____ mmm, that's what they don't ____ mmmknow
71%
And that's what they don't ___ mmm, that's what they don't ___ mmmsee
71%
_____________ gonna break, break, break, break, breakHeartbreakers
62%
_____________ gonna break, break, break, break, breakHeartbreakers
62%
_____________ gonna break, break, break, break, breakHeartbreakers
62%
She's like ___ __ ___, but I'm just gonna shake it"oh my God"
60%
It's like I got this music in my body ______ it's gonna be alrightsaying
58%
I'm _______ on my own (_______ on my own), I'll make the _____ up as I go (_____ up as I go)dancing, moves
58%
__ _____ that's what people say mmm, that's what people say mmmAt least
57%
My __-___ brought his new __________ex-man, girlfriend,
56%
But I keep cruising, can't stop, won't stop ________grooving
54%
Won't you come on over, ____, we can shake, shake, shakebaby
53%
And to the _____ over there with the hella good ____fella, hair
52%
dirty ______ in the world you could have been getting down to this sick beatcheats
52%
getting down and out about the _____ and dirty,liars
51%
4x I, _ _____ __ ___, _ _____ __ ___I shake it off
49%
4x I, _ _____ __ ___, _ _____ __ ___I shake it off
49%
4x I, _ _____ __ ___, _ _____ __ ___I shake it off
49%
Hey, hey, hey, just _____ while you've beenthink
42%

Score Distribution

Percentile by Number Answered

Percent of People with Each Score

Your Score History

You have not taken this quiz